Statistiques concernant Quiz ultime sur le tennis

Cliquez ici pour prendre le quiz!

Statistiques générales

  • Ce quiz a été pris 136 fois
  • Le résultat moyen est 8 sur 15

Statistiques - réponses

QuestionRéponse% Correct
Il est autrichien et a atteint deux fois la finale de Roland-GarrosDominic Thiem
91%
Il a gagné les Next Gen ATP finals en 2021Carlos Alcaraz
84%
Il a remporté l'or au JO de Londres en simpleAndy Murray
78%
Il a perdu en finale de Wimbledon en 2022Nick Kyrgios
56%
Avant Turin, le mater finals avait lieu dans cette villeLondres
54%
Federer a remporté Roland-Garros face à ce joueurRobin Soderling
53%
Célèbre joueur qui a donné son nom à une marque de vêtementRené Lacoste
50%
Nombre de confrontations entre federer et djokovic50
48%
Djokovic a remporté son premier grand chelem face à ce joueurJo-Wilfried Tsonga
47%
Il est désormais le coach de Holger Rune (fin 2023)Boris Becker
45%
Nombre d'heure du plus long match de l'histoire11h
43%
Le joueur qui a gagné le plus de tournois de l'histoire (fin 2023)Jimmy Connors
40%
Marque de tennis, aussi de skiHead
38%
Il a gagné le master 1000 de monte carlo en 2019Fabio Fognini
35%
nombre d'ace réalisé dans le match218
7%

Distribution des résultats

Percentile par nombre de réponses

% des personnes avec chaque résultat

Votre développement - résultats

Vous n’avez pas pris ce quiz